Поезії (Запис № 17550)

000 -Маркер запису
Контрольне поле сталої довжини 01812nam a22002657a 4500
003 - Належність контрольного номера
Контрольне поле Uzh_bibl
008 - Кодовані дані
Контрольне поле сталої довжини 260429b |||||||| |||| 00| 0 ukr d
020 ## - Індекс ISBN
Ціна 1.20
040 ## - Джерело каталогіз.
Служба первин.кат. укр.
041 ## - Код мови видання
Код мови оригіналу українська
Код мови тексту українська
080 ## - Індекс УДК
Індекс УДК 821(477)
090 ## - Шифри
Поличний індекс 821(477)
Авторський знак М 91
100 ## - Автор
Автор Муратов, Ігор
245 ## - Назва
Назва Поезії
Відповідальність Упоряд., вступ. ст., прим. А. І. Кацнельсона
Фізичний носій Текст
260 ## - Вихідні дані
Місце видання Київ
Видавництво Радянський письменник
Дата видання 1980
300 ## - Фізичний опис
Обсяг 286 c.
Тип одиниці В опр.
490 ## - Серія
Назва серії Серія "Бібліотека поета"
520 ## - Анотація
Анотація До книги увійшли вибрані твори з поетичного доробку Ігоря Муратова (лірика, балади, поетичні цикли, поеми). Відбір здійснено за двотомним виданням 1972 року. Твори були написані в різні роки життя автора. Ліричний герой книги живе глибоким насиченим внутрішнім життям, але не відсторонюється і від злободенних проблем сучасності.
521 ## - Примітка про цільове призначення
Примітка про цільове призначення Для широкого кола читачів
546 ## - Примітка про мову
Примітка про мову укр.
650 ## - Тематичні рубрики
Основна рубрика Літетатурно-художнє видання
Хронологічна підрубрика Охоплюють різні періоди ХХ століття, відображають внутрішній світ людини та реалії сучасності автора
Географічна підрубрика Події не мають чіткої локалізації
653 ## - Ключові слова
Ключові слова Людина
-- Почуття
-- Час
-- Суспільство
-- Думки
655 ## - Термін індексування — жанр/форма
Жанр/форма Поезія (лірика, балади, поеми)
Типове ділення [Збірник]
942 ## - ADDED ENTRY ELEMENTS (KOHA)
Джерело класифікації чи схема поличного розташування
Koha item type Книги
Фонди
Статус вилучення Статус втрати/відсутності Джерело класифікації чи схема поличного розташування Статус пошкодження Тип обігу (не для випозичання) Постійне розташування Поточне розташування Розташування у відділі Дата надходження Інвентарний номер Total Checkouts Повний (примірниковий) шифр зберігання Штрих-код Date last seen Дата, для якої чинна ціна заміни Тип одиниці (рівень примірника)
          Публічна бібліотека Публічна бібліотека Абонемент 29/04/2026 10010   821(477) 20324 29/04/2026 29/04/2026 Книги

Працює на АБІС Коха